Mujeres : (Record no. 53922)

MARC details
000 -LEADER
campo de control de longitud fija 01018nam a2200241 i 4500
001 - NÚMERO DE CONTROL
campo de control 53922
003 - IDENTIFICADOR DE NÚMERO DE CONTROL
campo de control ES-MaACL
005 - FECHA Y HORA DE LA ÚLTIMA TRANSACCIÓN
campo de control 20231227160938.0
007 - CAMPO FIJO DE DESCRIPCIÓN FÍSICA--INFORMACIÓN GENERAL
campo de control de longitud fija t|
008 - DATOS DE LONGITUD FIJA--INFORMACIÓN GENERAL
campo de control de longitud fija 960708s1897 sp f |||| | spa d
100 1# - ENTRADA PRINCIPAL--NOMBRE DE PERSONA
Nombre de persona Fernández Vaamonde, Emilio.
9 (RLIN) 50134
245 10 - MENCIÓN DEL TÍTULO
Título Mujeres :
Resto del título semblanzas poéticas /
Mención de responsabilidad, etc. Emilio Fernández Vaamonde ; con una carta de Don Gaspar Núñez de Arce y un prólogo de Jacinto Benavente.
260 ## - PUBLICACIÓN, DISTRIBUCIÓN, ETC.
Lugar de publicación, distribución, etc. Madrid :
Nombre del editor, distribuidor, etc. Librería de Fernando Fe :
-- Librería de Vict. Suárez,
Fecha de publicación, distribución, etc. 1897 (
Fabricante Imp. del Cuerpo de Artillería)
300 ## - DESCRIPCIÓN FÍSICA
Extensión 226 p., [1] h. de lám. ;
Dimensiones 19 cm.
530 ## - NOTA DISPONIBLE DE FORMULARIO FÍSICO ADICIONAL
Nota de formato físico adicional disponible Disponible en formato digital.
599 ## - NOTA A LAS ILUSTRACIONES
NOTA A LAS ILUSTRACIONES Lám: grabado de Ignacio Pinazo.
700 1# - ENTRADA AGREGADA--NOMBRE PERSONAL
Nombre de persona Núñez de Arce, Gaspar,
Fechas asociadas al nombre 1834-1903
9 (RLIN) 223411
700 1# - ENTRADA AGREGADA--NOMBRE PERSONAL
Nombre de persona Benavente, Jacinto,
Fechas asociadas al nombre 1866-1954
9 (RLIN) 27443
700 1# - ENTRADA AGREGADA--NOMBRE PERSONAL
Nombre de persona Pinazo Camarlench, Ignacio.
9 (RLIN) 138502
852 4# - LOCALIZACIÓN
Ubicación ES-MaACL
Número de control de estantería G-10947
856 4# - LOCALIZACIÓN Y ACCESO ELECTRÓNICOS
Identificador Uniforme de Recursos <a href="http://bdh-rd.bne.es/viewer.vm?id=0000239545&page=1 ">http://bdh-rd.bne.es/viewer.vm?id=0000239545&page=1 </a>
Nota pública Biblioteca Digital Hispánica
Holdings
Estatus retirado Estado de pérdida Estado de daño No para préstamo Colección Biblioteca de origen Biblioteca actual Ubicación en estantería Fecha de adquisición Fuente de adquisición Total de préstamos Signatura topográfica completa Código de barras Visto por última vez Precio de reemplazo Tipo de ítem Koha
        Colección digital Biblioteca del Ateneo de Madrid Biblioteca del Ateneo de Madrid Sala Pecera Planta 3 17/01/2008     G-10947 1056667 23/02/2023 23/02/2023 Libro impreso antiguo